[Event "First Lady's Cup"]
[Site "Surakarta/Denpasar INA"]
[Date "1982.02.13"]
[Round "4"]
[White "Bellon Lopez, Juan Manuel"]
[Black "Matanovic, Aleksandar"]
[Result "1/2-1/2"]
[WhiteElo "2400"]
[BlackElo "2495"]
[EventDate "1982.02.10"]
[PlyCount "31"]

1.e4 e5 2.Nf3 Nc6 3.Nc3 Nf6 4.d4 exd4 5.Nd5 Be7 6.Bf4 d6 7.Nxd4 O-O 8.Nb5 
Nxd5 9.exd5 Ne5 10.Be2 Ng6 11.Be3 a6 12.Nd4 Bg5 13.Qd2 Bxe3 14.Qxe3 Re8 
15.Qd2 Qf6 16.O-O 1/2-1/2

[Event "First Lady's Cup"]
[Site "Surakarta/Denpasar INA"]
[Date "1982.02.13"]
[Round "4"]
[White "Ribli, Zoltan"]
[Black "Suttles, Duncan"]
[Result "1/2-1/2"]
[WhiteElo "2590"]
[BlackElo "2475"]
[EventDate "1982.02.10"]
[PlyCount "81"]

1.d4 d6 2.Nf3 g6 3.e4 Bg7 4.Be2 Nf6 5.Nc3 O-O 6.O-O Bg4 7.Be3 Nc6 8.Qd2 e5
9.dxe5 dxe5 10.Rad1 Qb8 11.Qc1 a6 12.h3 Bxf3 13.Bxf3 b5 14.Rfe1 Na5 15.Nd5
Nxd5 16.Rxd5 Nc4 17.Red1 Nb6 18.R5d3 Qb7 19.Bc5 Rfe8 20.b3 Qc6 21.Rc3 Rad8
22.Rdd3 Qb7 23.Rxd8 Rxd8 24.Qg5 Re8 25.Qd2 Bf6 26.Rd3 Qc6 27.Be3 Be7 28.g3
b4 29.c4 Bc5 30.h4 h5 31.Bxc5 Qxc5 32.Qg5 Qe7 33.Qxe7 Rxe7 34.Rd8+ Kg7 35.
c5 Nd7 36.c6 Nb6 37.Rd2 Re6 38.Be2 Rd6 39.Rc2 a5 40.Kf1 a4 41.Rc5 1/2-1/2

[Event "First Lady's Cup"]
[Site "Surakarta/Denpasar INA"]
[Date "1982.02.13"]
[Round "4"]
[White "Ardiansyah"]
[Black "Suradiradja, Herman"]
[Result "1-0"]
[WhiteElo "2395"]
[BlackElo "2380"]
[EventDate "1982.02.10"]
[PlyCount "117"]

1.c4 g6 2.Nc3 Bg7 3.d4 d6 4.e4 Nf6 5.f3 c6 6.Be3 a6 7.a4 a5 8.Qd2 Na6 9.
Bd3 Nb4 10.Bb1 e5 11.Nge2 O-O 12.O-O exd4 13.Nxd4 Nd7 14.Rd1 Ne5 15.Qe2 
Qe7 16.Ba2 Nxa2 17.Rxa2 f5 18.exf5 gxf5 19.b3 Bd7 20.Qd2 Rae8 21.Bf2 Qf6 
22.Nde2 Bc8 23.Kh1 Nf7 24.f4 Kh8 25.Bd4 Qh4 26.Bxg7+ Kxg7 27.Ng3 Nh6 28.
Kg1 Ng4 29.Nf1 Rf6 30.h3 Nh6 31.Qd4 Kf7 32.Re2 Rxe2 33.Nxe2 Re6 34.Qd2 Qe7
35.Nd4 Re4 36.Nf3 Kg8 37.Ng5 Re2 38.Qxd6 Qxd6 39.Rxd6 Nf7 40.Nxf7 Kxf7 41.
Rd8 Re8 42.Rxe8 Kxe8 43.Kf2 Ke7 44.Ke3 Kd6 45.Kd4 b6 46.Ne3 h5 47.g3 Be6 
48.c5+ bxc5+ 49.Kc3 Bc8 50.Nc4+ Ke6 51.Nxa5 Kd5 52.Nc4 Ba6 53.Kd3 Ke6 54.
Ke3 Kd5 55.a5 Ke6 56.Kf3 Kd5 57.g4 fxg4+ 58.hxg4 hxg4+ 59.Kxg4 1-0

[Event "First Lady's Cup"]
[Site "Surakarta/Denpasar INA"]
[Date "1982.02.13"]
[Round "4"]
[White "Henley, Ronald Watson"]
[Black "Radulov, Ivan"]
[Result "1-0"]
[WhiteElo "2460"]
[BlackElo "2505"]
[EventDate "1982.02.10"]
[PlyCount "55"]

1.d4 d5 2.c4 dxc4 3.Nf3 Nf6 4.e3 e6 5.Bxc4 c5 6.O-O a6 7.Qe2 Nc6 8.dxc5 
Bxc5 9.a3 b5 10.Bd3 O-O 11.b4 Be7 12.Bb2 Bb7 13.Rd1 Qb6 14.Nbd2 Rfd8 15.
Nb3 Nd7 16.Rac1 Rac8 17.Bb1 Bf6 18.Qc2 Bxb2 19.Qxb2 Nf6 20.Nc5 Rxd1+ 21.
Rxd1 Nb8 22.e4 Rd8 23.Rxd8+ Qxd8 24.Qc2 Ba8 25.e5 Bxf3 26.gxf3 Nfd7 27.
Qxh7+ Kf8 28.Nxe6+ 1-0

[Event "First Lady's Cup"]
[Site "Surakarta/Denpasar INA"]
[Date "1982.02.13"]
[Round "4"]
[White "Hulak, Krunoslav"]
[Black "Gunawan, Ronny"]
[Result "1-0"]
[WhiteElo "2490"]
[BlackElo "2345"]
[EventDate "1982.02.10"]
[PlyCount "85"]

1.e4 e6 2.d4 d5 3.Nd2 Nf6 4.e5 Nfd7 5.c3 c5 6.Bd3 Nc6 7.Ne2 Qb6 8.Nf3 cxd4
9.cxd4 f6 10.exf6 Nxf6 11.O-O Bd6 12.Nc3 O-O 13.Be3 Bd7 14.Rc1 Qd8 15.Bb1 
Qe8 16.Re1 Qh5 17.h3 Rac8 18.Qe2 h6 19.Rcd1 Na5 20.Bc1 g5 21.Bd3 Rf7 22.
Ne5 Qxe2 23.Rxe2 Bxe5 24.dxe5 Ne8 25.Nxd5 Ba4 26.b3 Nxb3 27.axb3 Bxb3 28.
Rde1 Bxd5 29.h4 Rg7 30.hxg5 hxg5 31.Re3 Bc4 32.Be4 Bd5 33.Bxd5 exd5 34.e6 
Nc7 35.Bb2 Re8 36.Bxg7 Kxg7 37.e7 d4 38.Re4 Kf6 39.f4 d3 40.fxg5+ Kxg5 41.
Rd4 Kf6 42.Rxd3 Ne6 43.Rd7 1-0

[Event "First Lady's Cup"]
[Site "Surakarta/Denpasar INA"]
[Date "1982.02.13"]
[Round "4"]
[White "Sampouw, Jacobus Sawandar"]
[Black "Rodriguez Vargas, Orestes"]
[Result "0-1"]
[WhiteElo "2305"]
[BlackElo "2430"]
[EventDate "1982.02.10"]
[PlyCount "54"]

1.e4 c5 2.Nf3 e6 3.d4 cxd4 4.Nxd4 Nf6 5.Nc3 d6 6.Be3 Be7 7.Bc4 O-O 8.Bb3 
Na6 9.f4 Nc5 10.Qf3 e5 11.fxe5 dxe5 12.Nf5 Bxf5 13.Qxf5 Nxb3 14.axb3 Qc7 
15.O-O Bc5 16.Bxc5 Qxc5+ 17.Kh1 Rad8 18.Rf3 Rd2 19.Raf1 Rxc2 20.Rh3 h6 21.
Rg3 Qd6 22.Qh3 Qd2 23.Qf5 Kh8 24.Qxe5 Rc1 25.Qf5 Qxb2 26.Nd1 Qe2 27.Qf3 
Qxe4 0-1

[Event "First Lady's Cup"]
[Site "Surakarta/Denpasar INA"]
[Date "1982.02.13"]
[Round "4"]
[White "Keene, Raymond Dennis"]
[Black "Bachtiar, Arovah"]
[Result "1-0"]
[WhiteElo "2505"]
[BlackElo "2360"]
[EventDate "1982.02.10"]
[PlyCount "75"]

1.d4 Nf6 2.c4 e6 3.Nc3 Bb4 4.Bg5 Bxc3+ 5.bxc3 d6 6.f3 Nbd7 7.e4 Nf8 8.Bd3 
h6 9.Be3 Ng6 10.Ne2 e5 11.Qd2 Qe7 12.Ng3 Nh4 13.O-O g5 14.Rab1 b6 15.a4 a5
16.c5 bxc5 17.Bb5+ Bd7 18.dxc5 Bxb5 19.Rxb5 O-O 20.c4 Rfd8 21.c6 Nh7 22.
Rb7 Rdc8 23.Qb2 Nf8 24.Ne2 Ne6 25.Nc3 Ng6 26.Nd5 Qf8 27.g3 Ne7 28.Qb5 Kh8 
29.Rb1 Qe8 30.Nxe7 Qxe7 31.Qd5 Qf6 32.Rf1 Rg8 33.Kh1 g4 34.f4 exf4 35.Bxf4
Qg7 36.Bc1 Kh7 37.Bb2 Qg6 38.Rf6 1-0

[Event "First Lady's Cup"]
[Site "Surakarta/Denpasar INA"]
[Date "1982.02.13"]
[Round "4"]
[White "Chandler, Murray Graham"]
[Black "Csom, Istvan"]
[Result "1/2-1/2"]
[WhiteElo "2470"]
[BlackElo "2505"]
[EventDate "1982.02.10"]
[PlyCount "31"]

1.e4 c5 2.Nf3 d6 3.d4 cxd4 4.Nxd4 Nf6 5.Nc3 Nc6 6.Bc4 Qb6 7.Nb3 e6 8.O-O 
a6 9.a4 Be7 10.a5 Qc7 11.Be3 Nb4 12.Be2 Bd7 13.Bb6 Qc8 14.Rc1 O-O 15.f4 e5
16.f5 1/2-1/2

[Event "First Lady's Cup"]
[Site "Surakarta/Denpasar INA"]
[Date "1982.02.15"]
[Round "5"]
[White "Suradiradja, Herman"]
[Black "Spasov, Luben"]
[Result "1/2-1/2"]
[WhiteElo "2380"]
[BlackElo "2410"]
[EventDate "1982.02.10"]
[PlyCount "29"]

1.e4 c5 2.Nf3 d6 3.Bb5+ Bd7 4.Bxd7+ Qxd7 5.O-O Nc6 6.c3 Nf6 7.Re1 e6 8.d4 
cxd4 9.cxd4 d5 10.e5 Ne4 11.Nbd2 Nxd2 12.Bxd2 Be7 13.Bg5 Bxg5 14.Nxg5 h6 
15.Nf3 1/2-1/2

[Event "First Lady's Cup"]
[Site "Surakarta/Denpasar INA"]
[Date "1982.02.15"]
[Round "5"]
[White "Radulov, Ivan"]
[Black "Bellon Lopez, Juan Manuel"]
[Result "1/2-1/2"]
[WhiteElo "2505"]
[BlackElo "2400"]
[EventDate "1982.02.10"]
[PlyCount "70"]

1.e4 c6 2.d4 d5 3.Nd2 dxe4 4.Nxe4 Nf6 5.Nxf6+ exf6 6.Bc4 Qe7+ 7.Qe2 Be6 8.
Bxe6 Qxe6 9.Bf4 Na6 10.O-O-O O-O-O 11.Qxe6+ fxe6 12.Ne2 c5 13.Bg3 Bd6 14.
Bxd6 Rxd6 15.dxc5 Rxd1+ 16.Rxd1 Nxc5 17.b4 Na6 18.a3 Rd8 19.Rxd8+ Kxd8 20.
Nd4 Nc7 21.c4 Kd7 22.Kd2 e5 23.Ne2 b6 24.f4 Ke6 25.Kd3 h5 26.fxe5 Kxe5 27.
Nd4 a6 28.Ke3 g5 29.Nf3+ Kf5 30.Nd4+ Ke5 31.g3 b5 32.Nf3+ Kd6 33.Nd2 bxc4 
34.Nxc4+ Kd5 35.Kd3 f5 1/2-1/2

[Event "First Lady's Cup"]
[Site "Surakarta/Denpasar INA"]
[Date "1982.02.15"]
[Round "5"]
[White "Rodriguez Vargas, Orestes"]
[Black "Christiansen, Larry"]
[Result "1/2-1/2"]
[WhiteElo "2430"]
[BlackElo "2585"]
[EventDate "1982.02.10"]
[PlyCount "57"]

1.d4 Nf6 2.Nc3 d5 3.Bg5 Nbd7 4.Nf3 h6 5.Bh4 e6 6.e3 Be7 7.Bd3 c5 8.O-O O-O
9.Ne5 Nxe5 10.dxe5 Nd7 11.Bxe7 Qxe7 12.f4 f6 13.exf6 Nxf6 14.Qf3 Bd7 15.e4
c4 16.e5 Qc5+ 17.Kh1 cxd3 18.exf6 Rxf6 19.cxd3 Raf8 20.g3 e5 21.Rac1 Be6 
22.Qe2 Qd4 23.Nb5 Qb6 24.Nc7 exf4 25.Rxf4 Rxf4 26.gxf4 Bf7 27.Qe5 Qf2 28.
Rg1 Qf3+ 29.Rg2 1/2-1/2

[Event "First Lady's Cup"]
[Site "Surakarta/Denpasar INA"]
[Date "1982.02.15"]
[Round "5"]
[White "Suttles, Duncan"]
[Black "Chandler, Murray Graham"]
[Result "0-1"]
[WhiteElo "2475"]
[BlackElo "2470"]
[EventDate "1982.02.10"]
[PlyCount "90"]

1.g3 d5 2.Bg2 Nf6 3.d3 e5 4.Nf3 Bd6 5.O-O O-O 6.Nbd2 c6 7.e4 Re8 8.Re1 
Nbd7 9.b3 Nf8 10.Bb2 Ng6 11.a3 Bg4 12.h3 Bd7 13.Re2 h6 14.Kh2 Qc7 15.Qb1 
Nh5 16.Qa2 a5 17.Rae1 Re7 18.Qa1 Rae8 19.c4 d4 20.Qc1 Bc5 21.Rg1 Qd6 22.
Ne1 Qf6 23.Ndf3 Ra8 24.Qd1 Qd6 25.Nc2 b5 26.Nd2 Nf6 27.Ree1 Ree8 28.Qe2 
Qe7 29.Ra1 Reb8 30.Rgb1 Be6 31.Bc1 Ra7 32.Qe1 Bd6 33.a4 b4 34.Qe2 Nd7 35.
Nf3 Nc5 36.Nce1 Rf8 37.Ng1 Qe8 38.Qh5 f5 39.Ra2 f4 40.gxf4 exf4 41.Ngf3 
Bf7 42.Bf1 Ne5 43.Qh4 Nxf3+ 44.Nxf3 Bh5 45.Be2 Be7 0-1

[Event "First Lady's Cup"]
[Site "Surakarta/Denpasar INA"]
[Date "1982.02.15"]
[Round "5"]
[White "Bachtiar, Arovah"]
[Black "Hort, Vlastimil"]
[Result "0-1"]
[WhiteElo "2360"]
[BlackElo "2590"]
[EventDate "1982.02.10"]
[PlyCount "65"]

1.d4 Nf6 2.c4 g6 3.Nc3 d5 4.cxd5 Nxd5 5.e4 Nxc3 6.bxc3 Bg7 7.Nf3 O-O 8.Be2
c5 9.O-O b6 10.Be3 Bb7 11.Qc2 cxd4 12.cxd4 Qc8 13.Qxc8 Rxc8 14.Rac1 Nc6 
15.Bd3 e6 16.Rfd1 Bf8 17.Bb1 Na5 18.Ne5 Be7 19.Rxc8+ Rxc8 20.Rc1 Rxc1+ 21.
Bxc1 Bb4 22.Nf3 Nc4 23.Bd3 Nd6 24.e5 Nf5 25.Bxf5 gxf5 26.Bb2 b5 27.Ng5 Bd2
28.Nh3 b4 29.g3 Bd5 30.Nf4 Bxa2 31.Nd3 a5 32.Kf1 Bc4 33.Ke2 0-1

[Event "First Lady's Cup"]
[Site "Surakarta/Denpasar INA"]
[Date "1982.02.15"]
[Round "5"]
[White "Gunawan, Ronny"]
[Black "Sampouw, Jacobus Sawandar"]
[Result "1-0"]
[WhiteElo "2345"]
[BlackElo "2305"]
[EventDate "1982.02.10"]
[PlyCount "77"]

1.e4 d6 2.d4 Nf6 3.Bd3 g6 4.c4 Bg7 5.Nc3 O-O 6.Nge2 Nc6 7.f3 e5 8.d5 Nb4 
9.Bb1 Ne8 10.a3 Na6 11.Be3 f5 12.Qd2 Nc5 13.Bc2 a5 14.Rb1 fxe4 15.Nxe4 
Nxe4 16.Bxe4 Nf6 17.O-O b6 18.Nc3 Bd7 19.b4 axb4 20.axb4 Rf7 21.Ra1 Bf8 
22.Qb2 Rxa1 23.Rxa1 Ne8 24.Qd2 Ng7 25.g4 Ne8 26.Kg2 Kh8 27.h3 Nf6 28.Bc2 
Be7 29.Ne4 Nxe4 30.Bxe4 Kg7 31.c5 bxc5 32.bxc5 Qb8 33.c6 Bc8 34.Rb1 Qa8 
35.Bh6+ Kg8 36.Qb2 Bf8 37.Ra1 Ba6 38.Bxf8 Rxf8 39.Qa2 1-0

[Event "First Lady's Cup"]
[Site "Surakarta/Denpasar INA"]
[Date "1982.02.15"]
[Round "5"]
[White "Gheorghiu, Florin"]
[Black "Henley, Ronald Watson"]
[Result "1/2-1/2"]
[WhiteElo "2550"]
[BlackElo "2460"]
[EventDate "1982.02.10"]
[PlyCount "44"]

1.c4 c5 2.Nf3 Nf6 3.Nc3 e6 4.d4 d5 5.cxd5 Nxd5 6.e3 Nc6 7.Bd3 cxd4 8.exd4 
Be7 9.O-O O-O 10.Re1 Nf6 11.a3 b6 12.Bc2 Ba6 13.b4 Bc4 14.Ne5 Nxe5 15.dxe5
Qxd1 16.Rxd1 Nd5 17.Nxd5 Bxd5 18.Be3 Rfc8 19.Bd3 a5 20.Rab1 Rc3 21.Bxb6 
axb4 22.axb4 Bb3 1/2-1/2

[Event "First Lady's Cup"]
[Site "Surakarta/Denpasar INA"]
[Date "1982.02.15"]
[Round "5"]
[White "Csom, Istvan"]
[Black "Kurajica, Bojan"]
[Result "1/2-1/2"]
[WhiteElo "2505"]
[BlackElo "2510"]
[EventDate "1982.02.10"]
[PlyCount "28"]

1.Nf3 d5 2.c4 e6 3.d4 Nf6 4.Nc3 Be7 5.Bg5 h6 6.Bh4 O-O 7.e3 b6 8.Bxf6 Bxf6
9.cxd5 exd5 10.Rc1 a5 11.Be2 Bb7 12.O-O Re8 13.Ne1 c6 14.Nd3 Nd7 1/2-1/2

[Event "First Lady's Cup"]
[Site "Surakarta/Denpasar INA"]
[Date "1982.02.15"]
[Round "5"]
[White "Sosonko, Gennadi"]
[Black "Ribli, Zoltan"]
[Result "1/2-1/2"]
[WhiteElo "2580"]
[BlackElo "2590"]
[EventDate "1982.02.10"]
[PlyCount "35"]

1.d4 Nf6 2.c4 e6 3.Nf3 b6 4.g3 Bb7 5.Bg2 Be7 6.O-O O-O 7.Nc3 Ne4 8.Qc2 
Nxc3 9.Qxc3 c5 10.Rd1 d6 11.Bf4 Nd7 12.dxc5 Nxc5 13.Rac1 Rc8 14.b4 Ne4 15.
Qa3 a5 16.bxa5 Ra8 17.Qb2 Rxa5 18.Nd2 1/2-1/2

[Event "First Lady's Cup"]
[Site "Surakarta/Denpasar INA"]
[Date "1982.02.15"]
[Round "5"]
[White "Browne, Walter Shawn"]
[Black "Ardiansyah"]
[Result "1/2-1/2"]
[WhiteElo "2585"]
[BlackElo "2395"]
[EventDate "1982.02.10"]
[PlyCount "99"]

1.d4 Nf6 2.Nf3 d5 3.c4 c6 4.Nc3 g6 5.e3 Bg7 6.Bd3 O-O 7.O-O Nbd7 8.cxd5 
Nxd5 9.e4 Nxc3 10.bxc3 c5 11.Be3 b6 12.Rc1 cxd4 13.cxd4 Bb7 14.d5 Ne5 15.
Nxe5 Bxe5 16.f4 Bg7 17.Bc4 Rc8 18.Qb3 Qd7 19.h3 Rc7 20.Bb5 Qc8 21.Rxc7 
Qxc7 22.Rc1 Qb8 23.Qa3 g5 24.fxg5 Qg3 25.Bc5 Qf4 26.Bf2 Be5 27.g3 Qxe4 28.
Bc6 Bd6 29.Qxa7 Bxc6 30.dxc6 Bxg3 31.Qxb6 Bh2+ 32.Kxh2 Qf4+ 33.Bg3 Qxc1 
34.c7 Qc2+ 35.Qf2 Qxf2+ 36.Bxf2 Rc8 37.Bb6 Kf8 38.a4 Ke8 39.Kg3 Kd7 40.Kg4
Rg8 41.Kf5 Rg6 42.a5 f6 43.gxf6 Rxf6+ 44.Kg5 h6+ 45.Kg4 e5 46.h4 e4 47.h5 
Kc8 48.Bd4 Rf8 49.Be3 Rf6 50.Bd4 1/2-1/2

[Event "First Lady's Cup"]
[Site "Surakarta/Denpasar INA"]
[Date "1982.02.15"]
[Round "5"]
[White "Handoko, Edhi"]
[Black "Maninang, Jesus Rafael"]
[Result "1/2-1/2"]
[WhiteElo "2370"]
[BlackElo "2385"]
[EventDate "1982.02.10"]
[PlyCount "140"]

1.e4 c5 2.c3 d5 3.exd5 Qxd5 4.d4 Nf6 5.Nf3 Nc6 6.Be2 cxd4 7.cxd4 e6 8.Nc3 
Qd6 9.O-O Be7 10.Be3 O-O 11.Rc1 Rd8 12.a3 b6 13.Nb5 Qd7 14.Bf4 Nd5 15.Ne5 
Nxe5 16.Bxe5 Bb7 17.Nc7 Bg5 18.Bb5 Qe7 19.Nxd5 Bxd5 20.Rc7 Qf8 21.Qg4 Bh6 
22.Ba6 f6 23.Bg3 Qe8 24.Bf4 Qg6 25.Qxg6 hxg6 26.Be3 Rf8 27.Rfc1 Rf7 28.
Rxf7 Kxf7 29.Rc7+ Kg8 30.b4 Kh7 31.Re7 g5 32.g4 Kg6 33.Bd3+ f5 34.gxf5+ 
Kf6 35.Rd7 a5 36.Bd2 g4 37.Be1 Rc8 38.f4 Bxf4 39.Bh4+ Bg5 40.Bxg5+ Kxg5 
41.Rxg7+ Kf6 42.Rg6+ Kf7 43.Rxg4 Rc3 44.fxe6+ Bxe6 45.Rg3 axb4 46.axb4 Ke7
47.Kf2 Rb3 48.h4 Rxb4 49.Ke3 Bc4 50.Bxc4 Rxc4 51.Ke4 Rc1 52.Rg7+ Kd6 53.
Rg6+ Kc7 54.h5 Rh1 55.Rg5 Kc6 56.Kf5 b5 57.Kg6 b4 58.Rc5+ Kd6 59.h6 b3 60.
Rb5 Rg1+ 61.Kf5 Rf1+ 62.Kg6 Rg1+ 63.Kf7 Rf1+ 64.Ke8 Rb1 65.Kd8 b2 66.d5 
Ra1 67.Rb6+ Kxd5 68.Rxb2 Ke6 69.h7 Ra8+ 70.Kc7 Kf6 1/2-1/2

[Event "First Lady's Cup"]
[Site "Surakarta/Denpasar INA"]
[Date "1982.02.15"]
[Round "5"]
[White "Matanovic, Aleksandar"]
[Black "Hulak, Krunoslav"]
[Result "1/2-1/2"]
[WhiteElo "2495"]
[BlackElo "2490"]
[EventDate "1982.02.10"]
[PlyCount "28"]

1.e4 e5 2.Nf3 Nc6 3.Bb5 a6 4.Bxc6 dxc6 5.d4 exd4 6.Qxd4 Qxd4 7.Nxd4 Bd7 8.
Be3 O-O-O 9.Nc3 Bb4 10.Ne2 Ne7 11.a3 Bd6 12.O-O-O Ng6 13.f4 f6 14.g3 c5 
1/2-1/2

[Event "First Lady's Cup"]
[Site "Surakarta/Denpasar INA"]
[Date "1982.02.16"]
[Round "6"]
[White "Chandler, Murray Graham"]
[Black "Kurajica, Bojan"]
[Result "1/2-1/2"]
[WhiteElo "2470"]
[BlackElo "2510"]
[EventDate "1982.02.10"]
[PlyCount "59"]

1.e4 c5 2.Nf3 Nc6 3.d4 cxd4 4.Nxd4 Qc7 5.Nc3 e6 6.g3 d6 7.Bg2 Nxd4 8.Qxd4 
Bd7 9.O-O Nf6 10.Re1 Be7 11.e5 dxe5 12.Qxe5 Qxe5 13.Rxe5 O-O-O 14.Ra5 a6 
15.a3 Bd6 16.Be3 Kb8 17.Rd1 Bc7 18.Rg5 Rhg8 19.Bd4 Ne8 20.Bc5 Bc8 21.Rxd8 
Bxd8 22.Rg4 Nf6 23.Rc4 Bc7 24.Ba7+ Kxa7 25.Rxc7 Rf8 26.Kf1 Kb8 27.Rc5 Bd7 
28.Ke2 Ne8 29.a4 b6 30.Rc4 1/2-1/2

[Event "First Lady's Cup"]
[Site "Surakarta/Denpasar INA"]
[Date "1982.02.16"]
[Round "6"]
[White "Suttles, Duncan"]
[Black "Sosonko, Gennadi"]
[Result "1/2-1/2"]
[WhiteElo "2475"]
[BlackElo "2580"]
[EventDate "1982.02.10"]
[PlyCount "53"]

1.g3 e5 2.Bg2 d5 3.d3 Nf6 4.Nf3 Bd6 5.O-O O-O 6.Nbd2 Re8 7.e4 c6 8.b3 Nbd7
9.Bb2 Nf8 10.exd5 cxd5 11.Re1 Ng6 12.d4 e4 13.Ne5 Bxe5 14.dxe5 Ng4 15.c4 
N6xe5 16.Bxe5 Nxe5 17.cxd5 f5 18.Nc4 Nd3 19.Re3 Qxd5 20.Bf1 f4 21.gxf4 Bf5
22.Rg3 Rad8 23.Qd2 Bg6 24.Bxd3 exd3 25.Ne5 Rf8 26.Nxg6 hxg6 27.Rd1 1/2-1/2

[Event "First Lady's Cup"]
[Site "Surakarta/Denpasar INA"]
[Date "1982.02.16"]
[Round "6"]
[White "Bellon Lopez, Juan Manuel"]
[Black "Gheorghiu, Florin"]
[Result "1/2-1/2"]
[WhiteElo "2400"]
[BlackElo "2550"]
[EventDate "1982.02.10"]
[PlyCount "36"]

1.e4 c5 2.Nf3 e6 3.d4 cxd4 4.Nxd4 a6 5.Bd3 Nf6 6.O-O d6 7.c4 Be7 8.Nc3 b6 
9.f4 Bb7 10.Qe2 O-O 11.Be3 Nc6 12.Rad1 Nxd4 13.Bxd4 Nd7 14.Bc2 Qc7 15.Rf3 
Rfe8 16.Ba4 Bc6 17.Rh3 Bxa4 18.Nxa4 Bf6 1/2-1/2

[Event "First Lady's Cup"]
[Site "Surakarta/Denpasar INA"]
[Date "1982.02.16"]
[Round "6"]
[White "Ribli, Zoltan"]
[Black "Suradiradja, Herman"]
[Result "1-0"]
[WhiteElo "2590"]
[BlackElo "2380"]
[EventDate "1982.02.10"]
[PlyCount "129"]

1.Nf3 Nf6 2.c4 g6 3.g3 Bg7 4.Bg2 O-O 5.Nc3 d6 6.O-O c6 7.d4 a6 8.e4 Nfd7 
9.a4 a5 10.h4 e5 11.Be3 Na6 12.b3 Qe7 13.Ra2 exd4 14.Nxd4 Nac5 15.Rd2 Ne5 
16.Re1 Ng4 17.Bg5 Qc7 18.f3 h6 19.Bf4 Ne5 20.Kh1 Be6 21.Qc2 Rad8 22.Red1 
Bc8 23.Be3 Na6 24.Bg1 Nb4 25.Qb1 h5 26.Re1 Rfe8 27.Qd1 Bh6 28.Be3 Bxe3 29.
Rxe3 Qe7 30.Qf1 Qf6 31.Nc2 Nxc2 32.Rxc2 Nd7 33.Qe1 Nc5 34.Ne2 b6 35.Nf4 
Bb7 36.Rd2 Kg7 37.Qd1 Qe7 38.Ree2 Na6 39.Rd4 Rd7 40.e5 d5 41.e6 Rd6 42.
cxd5 cxd5 43.Nxd5 Bxd5 44.exf7 Qxe2 45.fxe8=N+ Qxe8 46.Rxd5 Rxd5 47.Qxd5 
Nc5 48.Bf1 Qe1 49.Kg2 Qa1 50.Bc4 Qb2+ 51.Kh3 Qf6 52.g4 hxg4+ 53.Kxg4 Qf8 
54.Qe5+ Kh7 55.Qc7+ Kh8 56.Qf7 Qxf7 57.Bxf7 Kg7 58.Bc4 Kh6 59.Kf4 Kh5 60.
Ke5 Kxh4 61.Kd6 Kg3 62.Kc6 Kxf3 63.Kxb6 Ne4 64.b4 axb4 65.a5 1-0

[Event "First Lady's Cup"]
[Site "Surakarta/Denpasar INA"]
[Date "1982.02.16"]
[Round "6"]
[White "Hort, Vlastimil"]
[Black "Miles, Anthony John"]
[Result "1/2-1/2"]
[WhiteElo "2590"]
[BlackElo "2575"]
[EventDate "1982.02.10"]
[PlyCount "83"]

1.d4 Nf6 2.c4 e6 3.Nc3 Bb4 4.e3 c5 5.Bd3 Nc6 6.Ne2 cxd4 7.exd4 d5 8.O-O 
dxc4 9.Bxc4 O-O 10.a3 Be7 11.Qd3 b6 12.Be3 Bb7 13.Rac1 e5 14.Rfd1 exd4 15.
Nxd4 Ne5 16.Qe2 Nxc4 17.Qxc4 Qc8 18.Qa4 Qg4 19.Nc6 Rfe8 20.Qxg4 Nxg4 21.
Nxe7+ Rxe7 22.Bf4 Nf6 23.Rd4 Rd7 24.Rxd7 Nxd7 25.Nb5 Nc5 26.Be3 Ne6 27.b4 
Kf8 28.f4 Ba6 29.Nc7 Nxc7 30.Rxc7 Bd3 31.Kf2 Bf5 32.Kf3 h5 33.h3 g6 34.g4 
hxg4+ 35.hxg4 Be6 36.Kg3 Ke8 37.Bd4 Kd8 38.Be5 b5 39.Rb7 Bd7 40.Kh4 a5 41.
bxa5 Rxa5 42.Bc7+ 1/2-1/2

[Event "First Lady's Cup"]
[Site "Surakarta/Denpasar INA"]
[Date "1982.02.16"]
[Round "6"]
[White "Henley, Ronald Watson"]
[Black "Csom, Istvan"]
[Result "1/2-1/2"]
[WhiteElo "2460"]
[BlackElo "2505"]
[EventDate "1982.02.10"]
[PlyCount "20"]

1.d4 Nf6 2.c4 e6 3.Nc3 Bb4 4.e3 c5 5.Bd3 Nc6 6.Ne2 cxd4 7.exd4 d5 8.O-O 
O-O 9.cxd5 Nxd5 10.Nxd5 exd5 1/2-1/2

[Event "First Lady's Cup"]
[Site "Surakarta/Denpasar INA"]
[Date "1982.02.16"]
[Round "6"]
[White "Spasov, Luben"]
[Black "Browne, Walter Shawn"]
[Result "1/2-1/2"]
[WhiteElo "2410"]
[BlackElo "2585"]
[EventDate "1982.02.10"]
[PlyCount "33"]

1.Nf3 c5 2.c4 Nf6 3.Nc3 e6 4.e3 Nc6 5.d4 d5 6.cxd5 exd5 7.Be2 cxd4 8.Nxd4 
Bd6 9.Bf3 Be5 10.Qd3 O-O 11.O-O Bg4 12.Bxg4 Nxg4 13.Nf3 d4 14.exd4 Nxd4 
15.Nxe5 Nxe5 16.Qe4 Nec6 17.Be3 1/2-1/2

[Event "First Lady's Cup"]
[Site "Surakarta/Denpasar INA"]
[Date "1982.02.16"]
[Round "6"]
[White "Sampouw, Jacobus Sawandar"]
[Black "Matanovic, Aleksandar"]
[Result "0-1"]
[WhiteElo "2305"]
[BlackElo "2495"]
[EventDate "1982.02.10"]
[PlyCount "94"]

1.e4 e5 2.Nf3 Nc6 3.Bb5 a6 4.Ba4 Nf6 5.O-O Be7 6.Re1 b5 7.Bb3 d6 8.c3 O-O 
9.h3 Nb8 10.d3 Nbd7 11.Nbd2 Nc5 12.Bc2 Re8 13.Nf1 Bf8 14.b4 Ncd7 15.Bb3 
Bb7 16.Ne3 g6 17.Ng5 Re7 18.a3 Bg7 19.Ra2 Nf8 20.Ng4 Nxg4 21.Qxg4 h6 22.
Nf3 c5 23.Nh4 Rc7 24.Bd2 c4 25.dxc4 bxc4 26.Bc2 Nh7 27.Be3 Nf6 28.Qf3 Rd7 
29.Rd1 d5 30.Ba4 dxe4 31.Rxd7 Nxd7 32.Qe2 Nf6 33.Qxc4 Bd5 34.Qe2 Qc8 35.
Bc5 Qe6 36.Rd2 g5 37.Rxd5 Nxd5 38.Qxe4 gxh4 39.c4 Nc7 40.Bc2 f5 41.Qb7 Qc8
42.Qc6 Kh8 43.Be3 Ne6 44.Qxc8+ Rxc8 45.Bxf5 Re8 46.c5 Bf8 47.c6 Kg7 0-1

[Event "First Lady's Cup"]
[Site "Surakarta/Denpasar INA"]
[Date "1982.02.16"]
[Round "6"]
[White "Hulak, Krunoslav"]
[Black "Radulov, Ivan"]
[Result "0-1"]
[WhiteElo "2490"]
[BlackElo "2505"]
[EventDate "1982.02.10"]
[PlyCount "70"]

1.d4 d5 2.c4 dxc4 3.Nf3 Nf6 4.e3 e6 5.Bxc4 c5 6.O-O a6 7.a4 Nc6 8.Qe2 Qc7 
9.Nc3 Bd6 10.h3 O-O 11.d5 exd5 12.Bxd5 h6 13.e4 Re8 14.Be3 Nb4 15.Rac1 Be6
16.Qc4 Bxd5 17.Nxd5 Nbxd5 18.exd5 Re4 19.Qc2 Qd7 20.b3 Ree8 21.Rfd1 Rac8 
22.a5 Qb5 23.Qa2 Red8 24.Rc2 Be7 25.Rcd2 Ne4 26.Rc2 Bf6 27.Rdc1 Rxd5 28.b4
Rcd8 29.Qc4 Qxb4 30.Bxc5 Qxc4 31.Rxc4 Nxc5 32.Rxc5 Be7 33.Rxd5 Rxd5 34.
Rc8+ Kh7 35.Rb8 Rd1+ 0-1

[Event "First Lady's Cup"]
[Site "Surakarta/Denpasar INA"]
[Date "1982.02.16"]
[Round "6"]
[White "Maninang, Jesus Rafael"]
[Black "Bachtiar, Arovah"]
[Result "1/2-1/2"]
[WhiteElo "2385"]
[BlackElo "2360"]
[EventDate "1982.02.10"]
[PlyCount "260"]

1.c4 Nf6 2.Nc3 e6 3.e4 d6 4.d4 Be7 5.Nf3 Nbd7 6.h3 e5 7.Be2 O-O 8.d5 Nc5 
9.Qc2 a5 10.Be3 b6 11.O-O Ne8 12.Ne1 f5 13.f3 f4 14.Bf2 Bh4 15.Nd3 Qg5 16.
Bxh4 Qxh4 17.Rf2 Bd7 18.Nxc5 bxc5 19.Kf1 h5 20.Bd1 g5 21.Ke2 Qg3 22.Kd3 
Nf6 23.Qe2 g4 24.hxg4 Nxg4 25.Rf1 Ne3 26.Rg1 h4 27.Bc2 Rab8 28.b3 Kf7 29.
Nd1 Nxc2 30.Kxc2 h3 31.Nc3 h2 32.Rh1 Rg8 33.Raf1 Rh8 34.a4 Rbg8 35.Rf2 Rg7
36.Nb1 Rhg8 37.Nd2 Ke7 38.Kc3 Rh7 39.Nf1 Qg6 40.Qe1 Rhh8 41.Kc2 Ra8 42.
Rxh2 Rxh2 43.Nxh2 Qe8 44.Qc3 Qh5 45.Nf1 Qh1 46.Qe1 Qg1 47.Re2 Rg8 48.Qf2 
Qh1 49.Kd3 Kd8 50.Kc3 Kc8 51.Kb2 Kb7 52.Nd2 Ka6 53.Qf1 Rh8 54.Qxh1 Rxh1 
55.Kc2 Kb7 56.Kd3 Kc8 57.Rf2 Kd8 58.Rf1 Rh8 59.Rg1 Ke7 60.Ke2 Kf6 61.Kf2 
Kg5 62.Rc1 Kf6 63.Kg1 Rg8 64.Rc2 Rh8 65.Rb2 Rb8 66.Ra2 Ke7 67.Ra3 Rg8 68.
Nb1 Kd8 69.Nc3 Kc8 70.Kf2 Rh8 71.Ra1 Kd8 72.Ne2 Ke7 73.Rd1 Kf6 74.Rg1 Rb8 
75.Nc1 Rh8 76.Kf1 Kg5 77.Ke1 Kf6 78.Kd2 Rh2 79.Ne2 Be8 80.Kd3 Bd7 81.Nc3 
Ke7 82.Ke2 Bh3 83.Kf2 Bd7 84.Nb1 Rh8 85.Nd2 Kf6 86.g4 fxg3+ 87.Rxg3 Ke7 
88.Nf1 Kd8 89.Rg2 Rf8 90.Rh2 Bg4 91.Nd2 Bd7 92.Rh4 Ke7 93.Nf1 Be8 94.Rh7+ 
Bf7 95.Ne3 Kf6 96.Nf1 Rb8 97.Nd2 Rg8 98.Rh2 Ke7 99.Rh6 Rb8 100.Ke3 Rg8 
101.Rh1 Rg2 102.Rh4 Be8 103.Nf1 Rg8 104.Rh3 Bd7 105.Rh7+ Kd8 106.Kf2 Be8 
107.Ne3 Bg6 108.Rh6 Ke7 109.Ng2 Kf6 110.Nh4 Kg5 111.Rxg6+ Rxg6 112.Nxg6 
Kxg6 113.Kg3 Kg5 114.f4+ exf4+ 115.Kf3 Kg6 116.Kxf4 Kf6 117.e5+ dxe5+ 118.
Ke4 Kf7 119.Kxe5 Ke7 120.Ke4 Ke8 121.Kf3 Kf7 122.Kf4 Kf8 123.Kf3 Kf7 124.
Ke3 Ke7 125.Ke2 Ke8 126.Kf2 Kf8 127.Kg3 Kg7 128.Kg4 Kg8 129.Kh3 Kh7 130.
Kh4 Kh8 1/2-1/2